000 01262nam a2200241Ia 4500
999 _c37838
_d37838
001 3816
003 GE_BSU
005 20190823165327.0
008 181216s1992||||ge |||||||||||||| ||geo||
040 _cGE_BSU
041 _ageo
080 _a27–03(091) ბ–65
245 _aბიბლიური ისტორია ყრმათათვის /
_cშედგ. იაკობ ეკერის მიერ ; თარგმნეს ნარგიზ აბაშიძემ და თინა შიოშვილმა
264 _a ბათუმი :
_bაჭარა,
_c1992.
300 _a64 გვ. ;
_b20 სმ.
500 _aთარგმნილია 1990 წ. მოსკოვში "კნიგას" მიერ გამოცემული წიგნიდან "ბიბლია დლია დეტეი".
653 _aრელიგია
653 _aბიბლიური ისტორია
700 _aეკერი, იაკობ
_eშემდგენელი
_93770
700 _aაბაშიძე, ნარგიზ
_eმთარგმნელი
_93771
700 _aშიოშვილი, თინა
_eმთარგმნელი
_91855
942 _cBK
_2udc